UM Logo

Money, credit, and policy / (Record no. 6888)

MARC details
000 -LEADER
fixed length control field 00668nam a2200193 4500
008 - FIXED-LENGTH DATA ELEMENTS--GENERAL INFORMATION
fixed length control field 170516b xxu||||| |||| 00| 0 eng d
020 ## - INTERNATIONAL STANDARD BOOK NUMBER
International Standard Book Number 1-85898-208-1
082 ## - DEWEY DECIMAL CLASSIFICATION NUMBER
Edition number 1995
Classification number DC 332.4
Item number M49
100 ## - MAIN ENTRY--PERSONAL NAME
9 (RLIN) 20836
Personal name Meltzer, Allan H
245 ## - TITLE STATEMENT
Title Money, credit, and policy /
Statement of responsibility, etc. Allan H. Meltzer
260 ## - PUBLICATION, DISTRIBUTION, ETC. (IMPRINT)
Place of publication, distribution, etc. Aldershot, Hants, England ;
Name of publisher, distributor, etc. Edward Elgar Publishing Limited,
Date of publication, distribution, etc. c1995.
300 ## - PHYSICAL DESCRIPTION
Extent xxvii, 411 pages :
Other physical details illustrations ;
Dimensions 25 cm
440 ## - SERIES STATEMENT/ADDED ENTRY--TITLE
9 (RLIN) 20837
Title Economists of the twentieth century
500 ## - GENERAL NOTE
General note Includes bibliographical references and index.
650 #0 - SUBJECT ADDED ENTRY--TOPICAL TERM
9 (RLIN) 20838
Topical term or geographic name as entry element Money
650 #0 - SUBJECT ADDED ENTRY--TOPICAL TERM
9 (RLIN) 20839
Topical term or geographic name as entry element Credit
650 #0 - SUBJECT ADDED ENTRY--TOPICAL TERM
9 (RLIN) 20841
Topical term or geographic name as entry element Monetary policy
942 ## - ADDED ENTRY ELEMENTS (KOHA)
Source of classification or shelving scheme Dewey Decimal Classification
Koha item type Circulation
Holdings
Withdrawn status Lost status Source of classification or shelving scheme Damaged status Not for loan Collection code Home library Current library Date acquired Source of acquisition Total Checkouts Full call number Barcode Date last seen Copy number Price effective from Koha item type
    Dewey Decimal Classification     Circulation UM Digos College - LIC UM Digos College - LIC 02/12/2000 Purchased   DC 332.4 M49 1995 13717 06/08/2021 1 05/16/2017 Circulation